000 00330 a2200145 4500
001 149375
040 _cEscola São Tomás de Aquino
100 _aCARRASCO, Walcyr
240 1 0 _aO menino narigudo
_lpor
245 1 0 _aO menino narigudo
300 _a80
362 0 _a2007
697 _a*LITERATURA INFANTO JUVENIL
942 _cBK
999 _c149375
_d149375